Kebangkitan wanita Islam

Bibliographic Details
Main Author: M' Atiyyah Al-Abraasyi, Prof. Dr
Corporate Author: Title
Format: Book
Published: Kuala Lumpur : Al-Hidayah Publishers , 1998
Subjects:

MARC

LEADER 00000cam a2200000 7i4500
001 0000013107
005 20080108.0
008 080108
020 |a 983099077X 
090 0 0 |a 297.57   |b MAT 
100 0 |a M' Atiyyah Al-Abraasyi, Prof. Dr. 
245 1 0 |a Kebangkitan wanita Islam   |c Prof. Dr. M' Atiyyah Al-Abraasyi 
260 |a Kuala Lumpur :   |b Al-Hidayah Publishers ,   |c 1998 
650 0 |a Women in Islam 
710 0 |a Title 
999 |a 0001010109   |b Book   |c Adult Collection   |e Perbadanan Perpustakaan Awam Johor 
999 |a 0001010110   |b Book   |c Adult Collection   |e Perbadanan Perpustakaan Awam Johor 
999 |a 0001010111   |b Book   |c Adult Collection   |e Perbadanan Perpustakaan Awam Johor